Rozpoznaj film po postaci #3 -Filmy animowane - Statystyki

Ogólne statystyki
  • Ten quiz został rozwiązany 7 369 razy
  • Średni wynik to 13 z 42
Statystyki odpowiedzi
Lp. Postać Tytuł Filmu % Poprawnych
5 Simba Król Lew
96%
1 Król Julian Madagaskar
94%
9 Sid Epoka Lodowcowa
90%
17 Anna i Elsa Kraina Lodu
84%
10 Chudy Toy Story
76%
6 Lord Farquaad Shrek
75%
11 Dory Gdzie jest Nemo?
74%
3 Czkawka Jak Wytresować Smoka
68%
4 Mike Wazowski Potwory i Spółka
65%
33 Homer Simpson Simpsonowie: Wesja Kinowa
64%
18 Po Kung-Fu Panda
51%
23 Belle Piękna i Bestia
43%
27 Jasmine Alladyn
42%
25 EVE WALL-E
39%
20 Kuzco Nowe Szaty Króla
38%
7 Aurora Śpiąca Królewna
36%
31 Mushu Mulan
32%
30 Flynn Rider Zaplątani
26%
8 John Smith Pocahontas
25%
36 Pan Peabody Pan Peabody i Sherman
24%
19 Felix Zaradzisz Ralph Demolka
22%
15 Coraline Jones Koralina i Tajemnicze Drzwi
21%
39 Remy Ratatuj
17%
13 Bob Parr Iniemamocni
16%
32 Tramp Zakochany Kundel
15%
26 Carl Fredricksen Odlot
13%
2 Pongo 101 Dalmatyńczyków
12%
12 Emmet Brickowski Lego Przygoda
12%
35 Mojżesz Książe Egiptu
9%
21 Król Fergus Merida Waleczna
9%
16 Jack Skellington Miasteczko Halloween
9%
24 Kenny McCormick Miasteczko South Park
7%
41 Victor Van Dort Gnijąca Panna Młoda
5%
22 Cody Maverick Na Fali
5%
37 Wollace Wallace i Gromit: Klątwa Królika
5%
28 Flik Dawno Temu w Trawie
4%
34 Joaquin i Manolo Księga Życia
2%
29 Fasola Rango
2%
14 Marjane Persepolis
1%
38 Hogarth Hughes Stalowy Gigant
1%
40 Pani Potulna Tajemnica IZBY
1%
42 Profesor Padraic Ratigan Wielki Mysi Detektyw
1%
Nie znaleziono quizów pasujących do podanych kryteriów
Rozkład punktacji
Procent ludzi z każdym wynikiem
Percentyl według liczby udzielonych odpowiedzi
Twoja historia wyników
Nie rozwiązałeś tego quizu